| 000 | 00791nam a2200193 i 4500 | ||
|---|---|---|---|
| 001 | 36122 | ||
| 003 | ES-MaACL | ||
| 005 | 20250730063056.0 | ||
| 007 | t| | ||
| 008 | 030217s1943 sp ||||1| spa d | ||
| 100 | 1 |
_aBrandi, Karl _931343 |
|
| 245 | 1 | 0 |
_aCarlos V _b: vida y fortuna de una personalidad y de un imperio mundial / _cpor Karl Brandi ; traducción del alemán y notas por Manuel Ballesteros Gaibrois ; con un proemio y epílogo de Antonio Ballesteros Beretta. |
| 260 |
_aMadrid : _bEditora Nacional, _c1943 ( _fImp. Sèz) |
||
| 300 |
_a535 p. : _b2 map. pleg. ; _c26 cm. |
||
| 700 | 1 |
_aBallesteros Gaibrois, Manuel, _d1911-2002 _925056 |
|
| 700 | 1 |
_aBallesteros Beretta, Antonio, _d1880-1949 _925050 |
|
| 852 |
_aES-MaACL _jF-15645 _bR.19938 |
||
| 999 |
_c36122 _d36122 |
||